000 03339cam a2200589 i 4500
001 200468130
003 TR-AnTOB
005 20260415161611.0
007 ta
008 260415t19691969miu b 001 0 eng
010 _a 68021543
015 _a761525769
_2can
015 _a761525769 rev /r842
_2can
015 _a761525769 Rev
_2can
016 _a(AMICUS)000001682738
016 7 _a002962909
_2Uk
016 7 _aBA0346107X
_2JP-ToKJK
020 _a0814315127
035 _a(CU-S)b62928430-01ucs_sdi
035 _a(OCoLC)00001173
_z(OCoLC)1029643912
_z(OCoLC)1029728319
_z(OCoLC)1030291416
_z(OCoLC)1124637818
_z(OCoLC)1171926430
_z(OCoLC)1183330363
_z(OCoLC)1543420857
_z(OCoLC)1553001501
035 _a(OCoLC)ocm00001173
035 _a(EXLNZ-01UCS_NETWORK)9912442147106531
035 _a(TR-AnTOB)200468130
040 _aDLC
_beng
_erda
_cDLC
_dBUF
_dBAKER
_dBTCTA
_dLVB
_dGEBAY
_dDEBBG
_dUKMGB
_dBDX
_dGBVCP
_dOCLCO
_dAQ5
_dOCLCQ
_dOCLCO
_dEVI
_dSFR
_dUKUOY
_dOCLCQ
_dCSJ
_dNLC
_dOCLCO
_dDHA
_dXFF
_dTYC
_dOCLCQ
_dOCLCO
_dOCLCQ
_dOCLCF
_dOCLCQ
_dOCLCO
_dOCLCQ
_dOCLCO
_dOCLCA
_dOCLCQ
_dOCLCA
_dIL4J6
_dOCLCO
_dUVA
_dOCLCO
_dOCLCL
_dWVU
_dJABUK
_dOCLCQ
_dNNM
_dNZ1
_dOKX
_dBOS
_dCPO
_dOCLCL
_d(TR-AnTOB)
041 0 _aeng
043 _an-us---
050 0 4 _aPS351
_b.P672 1969
072 7 _acoll1
_2lacc
090 _aPS351
_b.P672 1969
100 1 _aPorter, Thomas E.
_eauthor
_4aut
_9153685
245 1 0 _aMyth and modern American drama /
_cby Thomas E. Porter.
264 1 _aDetroit :
_bWayne State University Press,
_c1969.
264 4 _c©1969
300 _a285 pages ;
_c21 cm
336 _atext
_btxt
_2rdacontent
337 _aunmediated
_bn
_2rdamedia
338 _avolume
_bnc
_2rdacarrier
504 _aBIBINDX
505 0 0 _gIntroduction: the dramatic milieu and American drama --
_tPuritan ego and Freudian unconscious: Mourning becomes Electra --
_tThe old woman, the doctor and the cook: The cocktail party --
_tWho knows not patient Job: J.B. --
_tTragedy and the private eye: Detective story --
_tAcres of diamonds: Death of a salesman --
_tThe passing of the old South: A streetcar named desire --
_tThe long shadow of the law: The crucible --
_tA green corner of the universe: Our town --
_tFun and games in suburbia: Who's afraid of Virginia Woolf? --
_gConclusion:
_tThe vision of American drama.
600 1 0 _aO'Neill, Eugene,
_d1888-1953.
_tMourning becomes Electra
_0http://id.loc.gov/authorities/names/n2017053465
_9153686
600 1 0 _aKingsley, Sidney,
_d1906-1995.
_tDetective story
_9153687
600 1 0 _aMiller, Arthur,
_d1915-2005.
_tDeath of a salesman
_0http://id.loc.gov/authorities/names/no2012068816
_9153688
600 1 0 _aWilliams, Tennessee,
_d1911-1983.
_tStreetcar named Desire
_0http://id.loc.gov/authorities/names/n84056621
_9153689
600 1 0 _aMiller, Arthur,
_d1915-2005.
_tCrucible
_0http://id.loc.gov/authorities/names/no2016098665
_9153690
600 1 0 _aWilder, Thornton,
_d1897-1975.
_tOur town
_0http://id.loc.gov/authorities/names/no2013004589
_9153691
600 1 0 _aAlbee, Edward,
_d1928-2016.
_tWho's afraid of Virginia Woolf?
_0http://id.loc.gov/authorities/names/no2012070972
_9153692
650 0 _aAmerican drama
_y20th century
_xHistory and criticism
_993437
650 0 _aMyth in literature
_0http://id.loc.gov/authorities/subjects/sh85089366
_9153656
942 _2lcc
_cBK
999 _c200468130
_d86342